| 000 | 00459cam a2200181ua 4500 | ||
|---|---|---|---|
| 020 |
_a81 7029 239 5 _c45.00 |
||
| 041 |
_aeng _h |
||
| 082 |
_a005.43 _bTHO/DO |
||
| 100 | _aThomas, Robert M . | ||
| 245 |
_aDos 5 instant reference / _cRobert M Thomas. _hTextual Documents |
||
| 250 |
_a1 / _b. |
||
| 260 |
_aNew Delhi : _bB P B Publishers , _c1992. |
||
| 300 | _a313 ; . | ||
| 365 | _a45.00 | ||
| 504 | _a | ||
| 942 | _cBK | ||
| 999 |
_c9465 _d9465 |
||